<?xml version="1.0" encoding="UTF-8"?>
<record
    xmlns:xsi="http://www.w3.org/2001/XMLSchema-instance"
    xsi:schemaLocation="http://www.loc.gov/MARC21/slim http://www.loc.gov/standards/marcxml/schema/MARC21slim.xsd"
    xmlns="http://www.loc.gov/MARC21/slim">

  <leader>01356nam a22003617a 4500</leader>
  <controlfield tag="003">OSt</controlfield>
  <controlfield tag="005">20251105110124.0</controlfield>
  <controlfield tag="007">ta</controlfield>
  <controlfield tag="008">201104b        2020 dr 00| 0 eng d</controlfield>
  <datafield tag="020" ind1=" " ind2=" ">
    <subfield code="a">9789945922295</subfield>
  </datafield>
  <datafield tag="040" ind1=" " ind2=" ">
    <subfield code="a">DO-SdBNP</subfield>
    <subfield code="b">spa</subfield>
    <subfield code="c">BNPHU</subfield>
    <subfield code="e">rda</subfield>
  </datafield>
  <datafield tag="041" ind1=" " ind2=" ">
    <subfield code="h">spa</subfield>
  </datafield>
  <datafield tag="082" ind1=" " ind2="4">
    <subfield code="a">918</subfield>
    <subfield code="b">H519u 2020</subfield>
    <subfield code="2">22</subfield>
  </datafield>
  <datafield tag="100" ind1="1" ind2=" ">
    <subfield code="a">Henr&#xED;quez Ure&#xF1;a, Pedro,</subfield>
    <subfield code="d">1884-1946   </subfield>
    <subfield code="9">1718</subfield>
  </datafield>
  <datafield tag="245" ind1="1" ind2="0">
    <subfield code="a">La utop&#xED;a de Am&#xE9;rica /</subfield>
    <subfield code="c">Pedro Henr&#xED;quez Ure&#xF1;a ;  pr&#xF3;logo Miguel D. Mena.</subfield>
  </datafield>
  <datafield tag="260" ind1=" " ind2=" ">
    <subfield code="a">Santo Domingo :</subfield>
    <subfield code="b">Instituto Superior de Formaci&#xF3;n Docente Salom&#xE9; Ure&#xF1;a,</subfield>
    <subfield code="c">2020.</subfield>
  </datafield>
  <datafield tag="300" ind1=" " ind2=" ">
    <subfield code="a">85 p&#xE1;ginas ;</subfield>
    <subfield code="c">23 cm. </subfield>
  </datafield>
  <datafield tag="336" ind1=" " ind2=" ">
    <subfield code="a">texto</subfield>
    <subfield code="b">txt</subfield>
    <subfield code="2">rdacontent</subfield>
  </datafield>
  <datafield tag="337" ind1=" " ind2=" ">
    <subfield code="a">sin mediaci&#xF3;n</subfield>
    <subfield code="b">n</subfield>
    <subfield code="2">rdamedia</subfield>
  </datafield>
  <datafield tag="338" ind1=" " ind2=" ">
    <subfield code="a">volumen</subfield>
    <subfield code="b">nc</subfield>
    <subfield code="2">rdacarrier</subfield>
  </datafield>
  <datafield tag="490" ind1="1" ind2=" ">
    <subfield code="a">Cl&#xE1;sicos dominicanos. Serie II</subfield>
  </datafield>
  <datafield tag="490" ind1="1" ind2=" ">
    <subfield code="a">Ensayos</subfield>
  </datafield>
  <datafield tag="500" ind1=" " ind2=" ">
    <subfield code="a">Incluye notas al pie de las paginas</subfield>
  </datafield>
  <datafield tag="505" ind1=" " ind2=" ">
    <subfield code="a">La Utop&#xED;a de Am&#xE9;rica --</subfield>
    <subfield code="t">Patria de la Justicia --</subfield>
    <subfield code="t">Pedro Henr&#xED;quez Ure&#xF1;a </subfield>
  </datafield>
  <datafield tag="590" ind1=" " ind2=" ">
    <subfield code="a">Inventariado, 2020 /LP</subfield>
  </datafield>
  <datafield tag="600" ind1="1" ind2="0">
    <subfield code="a">Henr&#xED;quez Ure&#xF1;a, Pedro,</subfield>
    <subfield code="d">1884-1946   </subfield>
    <subfield code="x">Pensamiento sociol&#xF3;gico</subfield>
    <subfield code="9">1718</subfield>
  </datafield>
  <datafield tag="650" ind1=" " ind2="4">
    <subfield code="a">Literatura hispanoamericana </subfield>
    <subfield code="x">Historia y critica </subfield>
    <subfield code="9">6273</subfield>
  </datafield>
  <datafield tag="651" ind1=" " ind2="0">
    <subfield code="a">Am&#xE9;rica Latina</subfield>
    <subfield code="x">Civilizaci&#xF3;n</subfield>
    <subfield code="9">16665</subfield>
  </datafield>
  <datafield tag="700" ind1="1" ind2=" ">
    <subfield code="a">Mena, Miguel D.,</subfield>
    <subfield code="e">pr&#xF3;logo</subfield>
    <subfield code="9">29501</subfield>
  </datafield>
  <datafield tag="830" ind1=" " ind2="0">
    <subfield code="a">Cl&#xE1;sicos dominicanos. Serie II</subfield>
    <subfield code="9">77136</subfield>
  </datafield>
  <datafield tag="910" ind1=" " ind2=" ">
    <subfield code="a">Validado. Control de calidad MFF</subfield>
  </datafield>
  <datafield tag="942" ind1=" " ind2=" ">
    <subfield code="2">ddc</subfield>
    <subfield code="c">LBS1</subfield>
  </datafield>
  <datafield tag="952" ind1=" " ind2=" ">
    <subfield code="0">0</subfield>
    <subfield code="1">0</subfield>
    <subfield code="2">ddc</subfield>
    <subfield code="7">0</subfield>
    <subfield code="8">MO</subfield>
    <subfield code="a">BNPHU</subfield>
    <subfield code="b">PD</subfield>
    <subfield code="c">HD</subfield>
    <subfield code="d">2020-11-04</subfield>
    <subfield code="e">Editora B&#xFA;ho</subfield>
    <subfield code="l">0</subfield>
    <subfield code="o">BNPHU PD 918 H519u 2020</subfield>
    <subfield code="p">2021-0295</subfield>
    <subfield code="r">2020-11-04</subfield>
    <subfield code="w">2020-11-04</subfield>
    <subfield code="y">LBS1</subfield>
  </datafield>
  <datafield tag="952" ind1=" " ind2=" ">
    <subfield code="0">0</subfield>
    <subfield code="1">0</subfield>
    <subfield code="2">ddc</subfield>
    <subfield code="7">2</subfield>
    <subfield code="8">MO</subfield>
    <subfield code="a">BNPHU</subfield>
    <subfield code="b">PD</subfield>
    <subfield code="c">CT</subfield>
    <subfield code="d">2020-11-04</subfield>
    <subfield code="e">Editora B&#xFA;ho</subfield>
    <subfield code="l">0</subfield>
    <subfield code="o">BNPHU PD 918 H519u 2020</subfield>
    <subfield code="p">2021-0297</subfield>
    <subfield code="r">2020-11-04</subfield>
    <subfield code="t">e. 2</subfield>
    <subfield code="w">2020-11-04</subfield>
    <subfield code="y">LBS1</subfield>
  </datafield>
  <datafield tag="952" ind1=" " ind2=" ">
    <subfield code="0">0</subfield>
    <subfield code="1">0</subfield>
    <subfield code="2">ddc</subfield>
    <subfield code="7">0</subfield>
    <subfield code="8">MO</subfield>
    <subfield code="a">BNPHU</subfield>
    <subfield code="b">BNPHU</subfield>
    <subfield code="c">CT</subfield>
    <subfield code="e">Deposito Legal</subfield>
    <subfield code="l">0</subfield>
    <subfield code="o">BNPHU DS 918 H519u 2020</subfield>
    <subfield code="p">2021-0298</subfield>
    <subfield code="r">2021-02-18</subfield>
    <subfield code="t">e. 3</subfield>
    <subfield code="w">2021-02-18</subfield>
    <subfield code="y">LBS1</subfield>
  </datafield>
  <datafield tag="999" ind1=" " ind2=" ">
    <subfield code="c">49054</subfield>
    <subfield code="d">49054</subfield>
  </datafield>
</record>
